Paesi più Vicini a Israele - Statistics

Statistiche generali
  • Questo quiz è stato fatto 3.868 volte
  • Il punteggio medio è 16 su 19
Statistiche sulle risposte
km paese miglia % Corretto
0 Egitto 0
96%
906 Iran 563
96%
291 Iraq 181
96%
285 Turchia 177
96%
16 Arabia Saudita 10
95%
0 Giordania 0
95%
0 Libano 0
95%
0 Siria 0
95%
228 Cipro 142
90%
1057 Georgia 657
86%
723 Grecia 449
85%
1047 Armenia 651
84%
834 Libia 518
82%
1082 Azerbaijan 672
81%
1093 Kuwait 679
75%
1188 Russia 738
72%
1169 Bulgaria 726
62%
833 Sudan 518
61%
1314 Romania 816
49%
Nessun quiz corrispondente trovato
Distribuzione punteggi
Percentuale di utenti per punteggio
Percentile per numero di risposta
I tuoi punteggi nel tempo
Non hai fatto questo quiz